| 000 | 01321nam2a2200241 4500 | ||
|---|---|---|---|
| 001 | rc\2826392 | ||
| 005 | 20260622133913.0 | ||
| 035 | _a(NLR Aleph) 006984543 | ||
| 090 |
_a13569998 _c13569998 |
||
| 100 | _a20110624d1930 |||y0rusy50 ca | ||
| 101 | 0 | _arus | |
| 102 | _aRU | ||
| 105 | _aa z ||||| | ||
| 200 | 1 | _aКинематика и динамика | |
| 210 | _d[1930] | ||
| 215 |
_a190 с., [2] с. "Для заметок" _cчерт. |
||
| 461 | 0 |
_1001rc\2826391 _12001#$aТеоретическая механика ...$fЖуковский, Н.Е., проф.$gПод ред. и с доп. преподавателей Высш. Моск. техн. уч-ща В.П. Ветчинкина и Н.Г. Ченцова$vЧ. 2 _1700#1$aЖуковский$bН. Е.$gНиколай Егорович$f1847-1921$cспециалист в обл. аэродинамики$3RU\NLR\AUTH\7730089 _95565788 _aЖуковский, Н. Е. (специалист в обл. аэродинамики ; 1847-1921) _cМосква _d[1930] _e10-е изд. (5-е посмерт.) _fЖуковский, Н.Е., проф. _nГос. техн. изд-во _tТеоретическая механика ... _vЧ. 2 |
|
| 801 | 0 |
_aRU _bNLR _gpsbo |
|
| 801 | 1 |
_aRU _bELAR _2rusmarc |
|
| 852 |
_aNLR _j31-19/24-2 |
||
| 942 | _cBOOK | ||
| 980 | _aNB | ||